header

An introduction to human molecular genetics (Record no. 209220)

MARC details
000 -LEADER
fixed length control field 01132nam a22003014a 4500
082 04 - DEWEY DECIMAL CLASSIFICATION NUMBER
Classification number 616/.042
100 1# - MAIN ENTRY--AUTHOR NAME
Personal name Pasternak, Jack J.
245 13 - TITLE STATEMENT
Title An introduction to human molecular genetics
250 ## - EDITION STATEMENT
Edition statement 2nd ed.
260 ## - PUBLICATION, DISTRIBUTION, ETC. (IMPRINT)
Place of publication Hoboken, N.J. :
Name of publisher Wiley-Liss,
Year of publication c2005.
300 ## - PHYSICAL DESCRIPTION
Number of Pages 631 p. :
Other physical details ill.
650 #0 - SUBJECT ADDED ENTRY--TOPICAL TERM
Topical Term Human molecular genetics.
Topical Term Genetic disorders.
856 40 - ELECTRONIC LOCATION AND ACCESS
Uniform Resource Identifier http://site.ebrary.com/lib/rucke/Doc?id=10113938

No items available.

© 2026 Rongo University
Contact us: librarian | system librarian | Rongo university